000 005450000a22001810004500
003 MACL
005 20160610165357.0
008 160610b xxu||||| |||| 00| 0 eng d
040 _aMACL
_cmacl
041 _aHindi
082 _a155
100 _aसिंह, जगत
_937201
245 _aमन्‍दबुद्धि बालक
_cजगत सिंह
260 _bप्रभात प्रकाशन
_c2002
_aनई दिल्‍ली
350 _a75
650 _aChild Psychology
_923616
942 _cHIN
_k155
_2ddc
999 _c30106
_d30106